000 00923cab a2200265 4500
001 ABS59593
008 090401t1998 xxu||||| |||| 00| 0 eng d
035 _a(Sirsi) u89683
041 _aeng
100 _aTurnbull, C.
245 _aInteresting times
260 _c1998
350 _a0
490 _aBuilding Trade and Industry
_v14(11) November 1998, 36(1)
520 _aDiscusses the case of "Elliott v Combustion Engineering Ltd" concerning the issue of when an entitlement to interest arises, and reviews the provisions of the Late Payment of Commercial Debts (Interest) Act 1998.
650 _aCONTRACTOR
650 _aELLIOTT V COMBUSTION ENGINEERING
650 _aINTEREST FOR LATE PAYMENT
650 _aJCT
650 _aLATE PAYMENT OF COMMERCIAL DEBTS (INTEREST) ACT 1998
650 _aLATE PAYMENT
690 _aBUILT ENVIRONMENT-BUILDING CONTRACT FORMS
942 _n0
948 _c16/11/1998
999 _c56762
_d56762